000 00577nam a22002057a 4500
005 20260123034736.0
008 260123b |||||||| |||| 00| 0 eng d
020 _a978-1-5476-0742-6
082 _aFic. R621 2021
100 _aRivera, Lilliam
_983
245 _aNever look back /
_cLilliam Rivera
260 _aNew York:
_bBloomsbury,
_cc2021
300 _a312p.
541 _e7845 c.1
650 _aFamily life - Fiction
_984
650 _aRomance fiction
_971
650 _aSpirits - Fiction
_985
650 _aParanormal fiction
_986
650 _aSupernatural - Fiction
_987
999 _c2468
_d2468